Score 0/14 Timer 04:00
0 Plays Today
Character Novel % Correct
Tom RobinsonTo Kill a Mockingbird
93.7%
Laurie LaurenceLittle Women
88.2%
TrelawneyTreasure Island
83.1%
Colonel CathcartCatch-22
79.7%
Bernard MarxBrave New World
77.7%
John ReedJane Eyre
73.6%
FaberFahrenheit 451
73.2%
Character Novel % Correct
Alexei VronskyAnna Karenina
66.2%
Daniel PeggottyDavid Copperfield
61.1%
CunégondeCandide
53.6%
Duncan IdahoDune
53%
WoundwortWatership Down
45.3%
Charity CamberCujo
44.1%
Ignazio BusoniInferno
30%
Remove Ads.
Support Sporcle.
Get the best of Sporcle when you Go Orange. This ad-free experience offers more features, more stats, and more fun while also helping to support Sporcle. Thank you for becoming a member.

You're not logged in!

Compare scores with friends on all Sporcle quizzes.
OR
Log In

Show Comments

Extras

Top Quizzes Today


Score Distribution

Your Account Isn't Verified!

In order to create a playlist on Sporcle, you need to verify the email address you used during registration. Go to your Sporcle Settings to finish the process.

Report this User

Report this user for behavior that violates our Community Guidelines.

Details: